Normal view MARC view
  • Encuentro, análisis y perspectivas de los Planes Nacionales de Educación para Todos en Centroamérica

Entry Nombre de Reunión

Number of records used in: 1

001 - NÚMERO DE CONTROL

  • campo de control: 57599

003 - IDENTIFICADOR DE NÚMERO DE CONTROL

  • campo de control: UPN

005 - FECHA Y HORA DE LA ÚLTIMA TRANSACCIÓN

  • campo de control: 20250902202240.0

008 - DATOS DE LONGITUD FIJA

  • campo de control de longitud fija: 250902na acannaabn ib a|a d

040 ## - FUENTE DE CATALOGACIÓN

  • Agencia original de catalogación: MX-MxUPN

111 ## - ENCABEZAMIENTO - NOMBRE DE REUNIÓN

  • Nombre de reunión o de jurisdicción: Encuentro, análisis y perspectivas de los Planes Nacionales de Educación para Todos en Centroamérica
  • Lugar de la reunión: Managua, Nicaragua)
  • Fecha de la reunión : 17, 18 de Octubre, 2002 :
  • Número de la parte, sección o reunión: (Primer

902 ## - CATALOGADOR

  • Catalogador: Maiella Martínez